=LDR 00000nam 2200000 4500 =001 INLIS000000000023675 =005 20130612122321 =008 ***********************************Ind** =035 ##$$0010-061300000023675 =041 ##$$a Ind =082 ##$$a 510.7 =090 ##$$a 510.7, Sis-m =100 ##$$a Sisanto =245 ##$$a Matematika Inovatif 2B SMA, Konsep dan aplikasi, Siswanto, M.Si =260 ##$$a 2004 $b Solo =300 ##$$a xvi, 176 hlm., ilus., 26 cm =650 ##$$a Matematika SMA =850 ##$$a NBPNMAT